ASHOK'S PUBLIC HEALTH AND PREVENTIVE DENTISTRY (Record no. 9861)
[ view plain ]
| 000 -LEADER | |
|---|---|
| fixed length control field | 00337nam a22001457a 4500 |
| 020 ## - INTERNATIONAL STANDARD BOOK NUMBER | |
| International Standard Book Number | 978-81-7473-166-1 |
| 082 ## - DEWEY DECIMAL CLASSIFICATION NUMBER | |
| Classification number | 617.601,A16D |
| 100 ## - MAIN ENTRY--PERSONAL NAME | |
| Personal name | DEBNATH,TIRTHANKAR |
| 245 ## - TITLE STATEMENT | |
| Title | ASHOK'S PUBLIC HEALTH AND PREVENTIVE DENTISTRY |
| 250 ## - EDITION STATEMENT | |
| Edition statement | 3RD |
| 260 ## - PUBLICATION, DISTRIBUTION, ETC. (IMPRINT) | |
| Place of publication, distribution, etc | DELHI |
| Name of publisher, distributor, etc | A.I.T.B.S |
| Year of Publication | 2016 |
| 300 ## - PAGE DESCRIPTION | |
| No. of Pages | 253 |
| 650 ## - SUBJECT ADDED ENTRY--TOPICAL TERM | |
| Topical term or geographic name as entry element | PCD |
| 942 ## - ADDED ENTRY ELEMENTS (KOHA) | |
| Source of classification or shelving scheme | Dewey Decimal Classification |
| Koha item type | Books |
| Withdrawn status | Lost status | Source of classification or shelving scheme | Damaged status | Not for loan | Home library | Current library | Shelving location | Date acquired | Vendor Name | Cost, normal purchase price | SGTU | Bill Number | Total Checkouts | Full call number | Accession No. (Barcode) | Date last seen | Bill Date | Koha item type |
|---|---|---|---|---|---|---|---|---|---|---|---|---|---|---|---|---|---|---|
| Dewey Decimal Classification | SGT Dental Library | SGT Dental Library | Text Book | 05/09/2016 | ABC | 295.00 | SGTU | 6923 | 617.601,A16D | FD7407 | 05/09/2016 | Books | ||||||
| Dewey Decimal Classification | SGT Dental Library | SGT Dental Library | Text Book | 05/09/2016 | ABC | 295.00 | SGTU | 6923 | 617.601,A16D | FD7408 | 05/09/2016 | Books |